Hated without a reason: (Record no. 80)
[ view plain ]
| 000 -LEADER | |
|---|---|
| fixed length control field | 00512nam a22001577a 4500 |
| 008 - FIXED-LENGTH DATA ELEMENTS--GENERAL INFORMATION | |
| fixed length control field | 250516b |||||||| |||| 00| 0 eng d |
| 010 ## - LIBRARY OF CONGRESS CONTROL NUMBER | |
| LC control number | 2019901436 |
| 020 ## - INTERNATIONAL STANDARD BOOK NUMBER | |
| International Standard Book Number | 978173219540 |
| 100 ## - MAIN ENTRY--PERSONAL NAME | |
| Personal name | Sookhdeo,patrick |
| Dates associated with a name | 2019 |
| 245 ## - TITLE STATEMENT | |
| Title | Hated without a reason: |
| Remainder of title | The remarkable story of christian persecution over the centuries / |
| Statement of responsibility, etc. | Patrick Sookhdeo, |
| 250 ## - EDITION STATEMENT | |
| Edition statement | 1st editon |
| 260 ## - PUBLICATION, DISTRIBUTION, ETC. | |
| Place of publication, distribution, etc. | USA |
| Name of publisher, distributor, etc. | Iaac publishing 6729 curran street,Mclean, virgina 22101 |
| Date of publication, distribution, etc. | 2019 |
| 300 ## - PHYSICAL DESCRIPTION | |
| Other physical details | 260p, |
| Dimensions | 23cm |
| 942 ## - ADDED ENTRY ELEMENTS (KOHA) | |
| Source of classification or shelving scheme | Dewey Decimal Classification |
No items available.
